| 000 | 01408cam a22002891i 4500 | ||
|---|---|---|---|
| 003 | SA-RiAUC | ||
| 005 | 20250104075501.0 | ||
| 008 | 250103s2004 sy g b 000 0 ara c | ||
| 040 |
_aPS-RaAQF _bara _cSA-RiAUC. _erda |
||
| 043 | _ama----- | ||
| 082 | 0 | 4 | _a321.9 |
| 090 |
_a321.9 _bك و ا |
||
| 100 | 1 |
_aالكواكبي، عبد الرحمن بن أحمد بن مسعود، _d1849-1902 _eمؤلف. |
|
| 245 | 1 | 2 |
_aالرحالة كاف : _bطبائع الاستبداد ومصارع الاستعباد وهي كلمات حق وصرخة في واد إن ذهبت اليوم مع الريح لقد تذهب غدا بالأوتاد / _cعبد الرحمن الكواكبي ؛ دراسة وتحقيق محمد جمال طحان. |
| 250 | _aالطبعة الثانية. | ||
| 264 | 1 |
_aدمشق : _bالأوائل للنشر والتوزيع والخدمات الطباعية، _c2004 |
|
| 300 |
_a224 صفحة ؛ _c22 × 14 سم |
||
| 336 |
_aنص _btxt _2rdacontent _3كتاب |
||
| 337 |
_aبدون وسيط _bn _2rdamedia |
||
| 338 |
_aمجلد _bnc _2rdacarrier |
||
| 504 | _aببليوجرافية : صفحة 221-224. | ||
| 650 | 7 |
_aالاستبداد _zالبلاد العربية _2aucsh |
|
| 650 | 7 |
_aالدكتاتورية _zالبلاد العربية _2aucsh |
|
| 700 | 1 |
_aطحان، محمد جمال، _d1957- _eمحقق. |
|
| 942 |
_2ddc _cBOOK _n0 |
||
| 949 |
_aSA-JeALM _d250103 _umohamedma123 _n1 |
||
| 999 |
_c4431 _d4431 |
||